|
|
|
|
| LEADER |
01638cam a22003857i 4500 |
| 001 |
41182 |
| 003 |
BD-DhAAL |
| 005 |
20230510151303.0 |
| 008 |
230510t20142014enka b 000 0 eng d |
| 010 |
|
|
|a 2014942672
|
| 015 |
|
|
|a GBB4B8678
|2 bnb
|
| 020 |
|
|
|a 9780198713364 (hbk.)
|
| 020 |
|
|
|a 0198713363 (hbk.)
|
| 035 |
|
|
|a (OCoLC)ocn898058644
|
| 040 |
|
|
|a NLE
|b eng
|c NLE
|e rda
|d OCLCO
|d EYM
|d MEU
|d BTCTA
|d BDX
|d CDX
|d IUL
|d DLC
|d BD-DhAAL
|
| 042 |
|
|
|a lccopycat
|
| 050 |
0 |
0 |
|a HF1111
|b .I57 2014
|
| 082 |
0 |
4 |
|a 650.0711
|2 23
|
| 245 |
0 |
4 |
|a The Institutional Development of Business Schools /
|c edited by Andrew M. Pettigrew, Eric Cornuel and Ulrich Hommel.
|
| 250 |
|
|
|a First edition.
|
| 264 |
|
1 |
|a Oxford :
|b Oxford University Press,
|c c2014.
|
| 300 |
|
|
|a xvi, 333 pages :
|b illustrations ;
|c 24 cm.
|
| 504 |
|
|
|a Includes bibliographical references and index.
|
| 541 |
|
|
|a Complimentary copy from Dr. Sang Hoon Lee, Dean of Brac Business School, Brac University
|e 41182
|
| 546 |
|
|
|a Text in English.
|
| 650 |
|
0 |
|a Business schools.
|9 54178
|
| 650 |
|
0 |
|a Business schools
|x Ratings and rankings.
|9 54184
|
| 650 |
|
0 |
|a Business schools
|x Research.
|9 54185
|
| 700 |
1 |
|
|a Pettigrew, Andrew M.
|q (Andrew Marshall),
|d 1944-
|e editor.
|9 54186
|
| 700 |
1 |
|
|a Cornuel, Eric,
|e editor.
|9 54187
|
| 700 |
1 |
|
|a Hommel, Ulrich,
|d 1963-
|e editor.
|9 54188
|
| 852 |
|
|
|a Ayesha Abed Library
|c General Stacks
|
| 942 |
|
|
|2 ddc
|c BK
|
| 999 |
|
|
|c 45740
|d 45740
|
| 952 |
|
|
|0 0
|1 0
|2 ddc
|4 0
|6 650_071100000000000_INS
|7 0
|9 73618
|a BRACUL
|b BRACUL
|c GEN
|d 2023-05-10
|e Complimentary copy from Dr. Sang Hoon Lee
|l 1
|m 21
|o 650.0711 INS
|p 3010041182
|r 2025-11-02
|s 2025-06-24
|t 1
|w 2023-05-10
|y BK
|